Wird geladen...

Sociology of education: an introduction

Bibliographische Detailangaben
1. Verfasser: Morrish, Ivor
Format: Printed Book
Sprache:English
Schlagworte:
LEADER 00374nam a2200109Ia 4500
008 101008s9999 xx 000 0 eng d
100 |a Morrish, Ivor 
245 |a Sociology of education: an introduction 
650 |a Educational Sociology 
942 |c BK 
999 |c 181553  |d 181553 
952 |0 0  |1 0  |4 0  |7 0  |9 200845  |a EDU  |b EDU  |c ST1  |d 2010-10-20  |i 3062  |l 12  |p EDU3062  |r 2019-10-29  |s 2019-07-24  |w 2010-10-20  |y BK